<?xml version="1.0" encoding="UTF-8"?>
<record
    xmlns:xsi="http://www.w3.org/2001/XMLSchema-instance"
    xsi:schemaLocation="http://www.loc.gov/MARC21/slim http://www.loc.gov/standards/marcxml/schema/MARC21slim.xsd"
    xmlns="http://www.loc.gov/MARC21/slim">

  <leader>00982cam a2200265 a 4500</leader>
  <controlfield tag="001">000009617</controlfield>
  <controlfield tag="005">20200929161638.0</controlfield>
  <controlfield tag="008">850507s1990    cu            001 0bspa  </controlfield>
  <datafield tag="035" ind1=" " ind2=" ">
    <subfield code="a">(DLC) 85839976</subfield>
  </datafield>
  <datafield tag="040" ind1=" " ind2=" ">
    <subfield code="a">DO-SdBNP</subfield>
    <subfield code="b">spa</subfield>
    <subfield code="c">DLC</subfield>
    <subfield code="d">BNPHU</subfield>
  </datafield>
  <datafield tag="082" ind1=" " ind2=" ">
    <subfield code="a">Cu868.44</subfield>
    <subfield code="b">S961m</subfield>
  </datafield>
  <datafield tag="100" ind1="1" ind2=" ">
    <subfield code="a">Sur&#xED; Quesada, Emilio,</subfield>
    <subfield code="d">1952-</subfield>
    <subfield code="9">24466</subfield>
  </datafield>
  <datafield tag="245" ind1="1" ind2="3">
    <subfield code="a">El mejor hombre de la guerrilla /</subfield>
    <subfield code="c">Emilio Sur&#xED; Quesada.</subfield>
  </datafield>
  <datafield tag="260" ind1=" " ind2=" ">
    <subfield code="a">La Habana, (Cuba) :</subfield>
    <subfield code="b">Capit&#xE1;n San Luis,</subfield>
    <subfield code="c">1990.</subfield>
  </datafield>
  <datafield tag="300" ind1=" " ind2=" ">
    <subfield code="a">237 p. ;</subfield>
    <subfield code="c">18 cm.</subfield>
  </datafield>
  <datafield tag="490" ind1="1" ind2=" ">
    <subfield code="a">Testimonio</subfield>
  </datafield>
  <datafield tag="500" ind1=" " ind2=" ">
    <subfield code="a">Elaborado a partir de entrevistas con familiares y conocidos de El Capit&#xE1;n San Luis, Eliseo Reyes Rodr&#xED;guez.</subfield>
  </datafield>
  <datafield tag="600" ind1="1" ind2="0">
    <subfield code="a">REYES RODR&#xCD;GUEZ, ELISEO,</subfield>
    <subfield code="d">1940-1967.</subfield>
    <subfield code="v">BIOGRAF&#xCD;A</subfield>
    <subfield code="9">24467</subfield>
  </datafield>
  <datafield tag="650" ind1=" " ind2="4">
    <subfield code="a">Entrevistas (periodismo)</subfield>
    <subfield code="x">Aspectos sociales</subfield>
    <subfield code="z">Cuba</subfield>
    <subfield code="9">24468</subfield>
  </datafield>
  <datafield tag="650" ind1=" " ind2="4">
    <subfield code="a">Literatura cubana</subfield>
    <subfield code="y">SIGLO XX</subfield>
    <subfield code="9">9186</subfield>
  </datafield>
  <datafield tag="651" ind1=" " ind2="4">
    <subfield code="a">Bolivia</subfield>
    <subfield code="x">Historia</subfield>
    <subfield code="y">1938</subfield>
    <subfield code="9">24469</subfield>
  </datafield>
  <datafield tag="830" ind1=" " ind2="0">
    <subfield code="a">Testimonio.</subfield>
    <subfield code="9">16115</subfield>
  </datafield>
  <datafield tag="910" ind1=" " ind2=" ">
    <subfield code="a">Catalogaci&#xF3;n por copia / LC</subfield>
  </datafield>
  <datafield tag="049" ind1=" " ind2=" ">
    <subfield code="a">BNGR</subfield>
  </datafield>
  <datafield tag="952" ind1=" " ind2=" ">
    <subfield code="0">0</subfield>
    <subfield code="1">0</subfield>
    <subfield code="5">2</subfield>
    <subfield code="7">0</subfield>
    <subfield code="8">MO</subfield>
    <subfield code="a">GR</subfield>
    <subfield code="b">GR</subfield>
    <subfield code="c">CT</subfield>
    <subfield code="d">2009-09-30</subfield>
    <subfield code="i">LF1</subfield>
    <subfield code="l">0</subfield>
    <subfield code="o">Cu868.44 S961m</subfield>
    <subfield code="p">9617-10</subfield>
    <subfield code="r">2020-06-25</subfield>
    <subfield code="w">2020-06-25</subfield>
    <subfield code="y">2</subfield>
    <subfield code="Z">Pr&#xE9;stamo interno</subfield>
  </datafield>
  <datafield tag="999" ind1=" " ind2=" ">
    <subfield code="c">9377</subfield>
    <subfield code="d">9377</subfield>
  </datafield>
</record>
